History Quiz

Random History or Art Quiz

True or False Blitz: the 19th Century Quiz Stats

 Plays Quiz Updated May 26, 2018

Score 0/20 Timer 02:00
1 Play Today
Question Answer Wrong Answers
SPORT: The First Modern Olympic Games were held in Athens in 1896. True
87.9%
False
11.7%
US HISTORY: Nat Turner led a slave rebellion in Virginia in 1831. True
84.4%
False
12.5%
ASIA: Tokyo was the capital city of Japan for less than half of the 19th century. True
80.2%
False
17.5%
UK HISTORY: Queen Victoria reigned for over 60 years. True
80%
False
7.4%
US HISTORY: Crazy Horse was a leader of one of the subtribes of the Lakota people. True
79.8%
False
13.9%
POETRY: The vast majority of Emily Dickinson's poems remained unpublished during her lifetime. True
78.4%
False
14.7%
US POLITICS: Rutherford B. Hayes was US President after Ulysses S. Grant. True
76.9%
False
21.7%
EXPLORATION: The words 'Dr. Livingstone, I presume?' are attributed to Henry Morton Stanley. True
75.3%
False
19.7%
EUROPE: The Battle of Waterloo took place in modern-day France. False
72.7%
True
26.7%
AFRICA: No African countries declared independence in the 19th century. False
70.3%
True
27%
SCIENCE: James Clerk Maxwell first formulated the theory of natural selection. False
70.2%
True
29.5%
THEATER: Abraham Lincoln was assassinated at a performance of 'The Seven Sisters'. False
67.8%
True
30.5%
SCIENCE: Neptune was discovered in the 19th century. True
67.5%
False
28.2%
MUSIC: Ludwig van Beethoven was alive in the 19th century. True
65.3%
False
23.6%
ART: 'A Sunday Afternoon on the Island of La Grande Jatte' was painted by Georges Seurat. True
63.5%
False
28.6%
RELIGION: The Bahá'í faith was founded in the 19th century. True
61.8%
False
34.3%
LITERATURE: 'Pride and Prejudice' was Jane Austen's first published novel. False
55.5%
True
41.2%
AFRICA: The Suez Canal took 10 years to build. True
50.6%
False
40.8%
CHINA: The Ming dynasty ruled China for more than half of the 19th century. False
43.4%
True
51.1%
ARTISTS: Paul Gauguin died in the Caribbean in the 1880s. False
38.5%
True
51.7%

You're not logged in!

Compare scores with friends on all Sporcle quizzes.
OR
Log In

Show Comments

Extras

Top Quizzes Today


Score Distribution

Your Account Isn't Verified!

In order to create a playlist on Sporcle, you need to verify the email address you used during registration. Go to your Sporcle Settings to finish the process.

Report this User

Report this user for behavior that violates our Community Guidelines.

Details: